| 000 | 00546nam a2200193Ia 4500 | ||
|---|---|---|---|
| 005 | 20250326142246.0 | ||
| 008 | 250326s9999 xx 000 0 und d | ||
| 020 | _a0-669-27927-2 | ||
| 037 | _aTextbook | ||
| 040 |
_aFMSL _beng _cFMSL |
||
| 041 |
_aeng _2eng |
||
| 084 |
_aX:87 N1 _qFMSL |
||
| 100 |
_aTjosvold D W _9743891 |
||
| 245 | 0 |
_aLeading the team organizations _cTjosvold D W; Thosvold M M |
|
| 260 |
_aNew York _bNew York, Lexington Books _c1991 |
||
| 300 | _a211p | ||
| 942 |
_cTB _hX:87 N1 |
||
| 999 |
_c1294173 _d1294173 |
||